| 000 | 00668nam a22002651c 4500 | ||
|---|---|---|---|
| 001 | ht015938998 | ||
| 008 | 100916s2009 gw a||| 000u ger d | ||
| 020 |
_a9783938714 _9978-3-938714- |
||
| 041 | _ager | ||
| 245 | 0 | 0 | _aVergnügen in der DDR |
| 264 |
_aBerlin : _bPanama-Verl., _c2009 |
||
| 300 | _a464 S. : Ill ; 23 cm, 500 gr | ||
| 650 | 0 | _aAlltag | |
| 650 | 0 | _aFreizeit | |
| 650 | 0 | _aJugend | |
| 650 | 0 | _aAlkohol | |
| 650 | 0 | _aFestkultur | |
| 650 | 0 | _aTourismus | |
| 655 | 0 | _aAufsatzsammlung | |
| 700 | 1 |
_aHäußer, Ulrike _eHerausgeberIn |
|
| 700 | 1 |
_aMerkel, Marcus _eHerausgeberIn |
|
| 942 | _cMG | ||
| 040 | _cRU-10907106 | ||
| 003 | RU-10907106 | ||
| 999 |
_c21736 _d21736 |
||